Magdalena (Registro nro. 325374)
[ vista simple ]
| 000 -ENCABEZADO | |
|---|---|
| Número de control [NR] | 00777nam a22002177a 4500 |
| 005 - FECHA Y HORA DE LA ÚLTIMA TRANSACCIÓN | |
| control field | 20250321152727.0 |
| 008 - DE LONGITUD FIJA DE DATOS DE ELEMENTOS - INFORMACIÓN GENERAL | |
| Elementos de longitud fija [NR] | 250321t ||||| |||| 00| 0 spa d |
| 020 ## - NUMERO INTERNACIONAL NORMALIZADO PARA LIBROS [R] | |
| Número Internacional Normalizado del libro [NR] | 9789584296009 |
| 020 ## - NUMERO INTERNACIONAL NORMALIZADO PARA LIBROS [R] | |
| Número Internacional Normalizado del libro [NR] | 9584296000 |
| 040 ## - FUENTE DE CATALOGACION [NR] | |
| Agencia de catalogación original [NR] | CO-BoUCM |
| Quien Cataloga | David Moreno |
| Quien Clasifica | David Moreno |
| 041 ## - CODIGO DE IDIOMA [R] | |
| Código de idioma para texto/pista de sonido o título separado [R] | Español |
| 100 1# - ASIENTO PRINCIPAL--NOMBRE PERSONAL [NR] | |
| Nombre personal [NR] | Davis, Wade |
| Fechas asociadas con el nombre [NR] | 1953- |
| ID Autoridad | 185236 |
| 245 10 - MENCION DE TITULO [NR] | |
| Título [NR] | Magdalena |
| Parte restante del título [NR] | historias de Colombia |
| Mención de responsabilidad, etc. [NR] | Wade Davis |
| 250 ## - MENCION DE EDICION [NR] | |
| Mención de edición [NR] | 7a.Ed |
| 260 ## - PUBLICACION, DISTRIBUCION, ETC. (PIE DE IMPRENTA) [R] | |
| Lugar de publicación, distribución, etc. [R] | Bogotá, Colombia |
| Nombre del editor, distribuidor, etc. [R] | Editorial Planeta Colombiana |
| Fecha de publicación, distribución, etc. [R] | 2021 |
| 300 ## - DESCRIPCION FISICA [R] | |
| Extensión [R] | 479 Páginas, 8 hojas de láminas sin numerar |
| Otros detalles físicos [NR] | ilustraciones (color) |
| 651 14 - ASIENTO SECUNDARIO DE MATERIA - NOMBRE GEOGRAFICO [R] | |
| Nombre geográfico [NR] | Colombia |
| Subdivisión general [R] | Sociedad y territorio |
| 9 (RLIN) | 185237 |
| 651 14 - ASIENTO SECUNDARIO DE MATERIA - NOMBRE GEOGRAFICO [R] | |
| Nombre geográfico [NR] | Magdalena (Colombia, Río) |
| Subdivisión general [R] | Descripción |
| 9 (RLIN) | 185238 |
| 942 ## - ELEMENTOS DE ENTRADA AGREGADOS (KOHA) | |
| Sistema de clasificación | DEWEY |
| Tema principal | Geografía |
| Tipo de ítem principal el descrito en 300a | Libro |
| Edición | 7 |
| Clasificación | 918.61 |
| Parte restante de la signatura top. | D265m |
| Título oculto en OPAC | No |
| Total préstamos | Signatura topográfica | Código de barras | Última vez visto | Ejemplar | Price effective from | Tipo de ítem | Perdido | Sistema de clasificación | Dañado | No prestable | Tipo de ítem específico | Suprimido | Ubicación habitual | Ubicación actual | Localización | Fecha de creación | Forma de adquisición | Costo |
|---|---|---|---|---|---|---|---|---|---|---|---|---|---|---|---|---|---|---|
| 918.61 D265m | 100173788 | 11/12/2025 | Ej.1 | 21/03/2025 | Libro | DEWEY | Libro | Quinta de Mutis | Quinta de Mutis | Mezanecs | 21/03/2025 | Compra | 351956.00 |